LEADER 00949nam1 2200325 450 001 990000722450203316 035 $a0072245 035 $aUSA010072245 035 $a(ALEPH)000072245USA01 035 $a0072245 100 $a20011107d19..----km-y0itay0103----ba 101 $aeng 102 $aDE 105 $a||||||||001yy 200 1 $aInternational directory of cinematographers set- and costume designers in film 210 $aMünchen$cK.G. Saur$d19... 215 $av$d22 cm 410 $12001 606 0 $aCinematografo$xOrigini-1986 676 $a791.43 801 0$aIT$bsalbc$gISBD 912 $a990000722450203316 951 $aVII C 259$bLM$cVII C 959 $aBK 969 $aUMA 979 $aPATTY$b90$c20011107$lUSA01$h1554 979 $c20020403$lUSA01$h1720 979 $aPATRY$b90$c20040406$lUSA01$h1650 996 $aInternational directory of cinematographers set- and costume designers in film$9962609 997 $aUNISA LEADER 02337nam 2200649 a 450 001 9910464843503321 005 20170924212847.0 010 $a1-4623-4777-0 010 $a1-4527-7939-2 010 $a1-283-45039-9 010 $a9786613823663 010 $a1-4519-1010-X 035 $a(CKB)3360000000443362 035 $a(EBL)3012548 035 $a(SSID)ssj0001323906 035 $a(PQKBManifestationID)11978484 035 $a(PQKBTitleCode)TC0001323906 035 $a(PQKBWorkID)11505603 035 $a(PQKB)10456336 035 $a(OCoLC)568151313 035 $a(MiAaPQ)EBC3012548 035 $a(EXLCZ)993360000000443362 100 $a20090811d2006 uy 0 101 0 $aeng 135 $aur|n|---||||| 181 $ctxt 182 $cc 183 $acr 200 10$aBank risk-taking and competition revisited$b[electronic resource] $enew theory and new evidence /$fprepared by John H. Boyd, Gianni De Nicolo?, and Abu M. Jalal 210 $a[Washington, D.C.] $cInternational Monetary Fund$d2006 215 $a1 online resource (51 p.) 225 1 $aIMF working paper ;$vWP/06/297 300 $a"December 2006." 311 $a1-4518-6557-0 320 $aIncludes bibliographical references (p. 48-49). 327 $a""Bank Risk-Taking and Competition Revisited: New Theory and New Evidence""; ""Contents""; ""I. INTRODUCTION""; ""II. THEORY""; ""III. EVIDENCE""; ""IV. CONCLUSION""; ""Appendix I. Pareto Dominant Equilibria""; ""References"" 410 0$aIMF working paper ;$vWP/06/297. 606 $aBank failures$xEconometric models 606 $aCompetition$xEconometric models 606 $aBank loans$xEconometric models 606 $aRisk$xEconometric models 608 $aElectronic books. 615 0$aBank failures$xEconometric models. 615 0$aCompetition$xEconometric models. 615 0$aBank loans$xEconometric models. 615 0$aRisk$xEconometric models. 700 $aBoyd$b John Harvey$f1953-$0990400 701 $aDe Nicolo?$b Gianni$0375199 701 $aJalal$b Abu M$0990401 712 02$aInternational Monetary Fund.$bResearch Dept. 801 0$bMiAaPQ 801 1$bMiAaPQ 801 2$bMiAaPQ 906 $aBOOK 912 $a9910464843503321 996 $aBank risk-taking and competition revisited$92265771 997 $aUNINA LEADER 01832nam 2200385Ia 450 001 996394142203316 005 20200824121844.0 035 $a(CKB)4940000000115472 035 $a(EEBO)2240870564 035 $a(UnM)99898995e 035 $a(UnM)99898995 035 $a(EXLCZ)994940000000115472 100 $a19981028d1552 uh | 101 0 $aeng 135 $aurbn||||a|bb| 200 10$aAnno quinto et sexto Eduardi Sexti$b[electronic resource] $eActes made in the session of this present parlament, holden vpo[n] prorogacion at Westminster, the. xxiii. daie of Ianuarie, in the fiueth yere of the reigne of our moste drad souereigne Lorde, Edward the. VI. by the grace of God, kyng of Englande, Fraunce, and Irelande, defendour of the faith, and of the Churche of Englande and Irelande, in yearth [sic] the supreme hed: and there continued and kept to the. xv. daie of Aprill, in the vi. yere of the reigne of our saied souereigne lorde, as foloweth 210 $a[London] $cRichardus Graftonus typographus Regius excudebat$dmense Aprili. 1552 215 $axxxiij leaves 300 $aImprint from colophon. 300 $aThe last leaf is blank--STC. 300 $aIn this edition, the 'D' of signature D2 is under 'no' of 'dishonour'--STC. 300 $aSignatures: A-E? F?. 300 $aReproduction of original in the Cambridge University Library, Cambridge, England. 330 $aeebo-0021 606 $aLaw$zEngland$vEarly works to 1800 607 $aGreat Britain$xPolitics and government$y1547-1553$vEarly works to 1800 615 0$aLaw 701 $aEdward$cKing of England,$f1537-1553.$01002269 801 0$bCu-RivES 801 1$bCu-RivES 801 2$bWaOLN 906 $aBOOK 912 $a996394142203316 996 $aAnno quinto et sexto Eduardi Sexti$92421350 997 $aUNISA LEADER 01427oam 2200409 450 001 9910715258903321 005 20210323121751.0 035 $a(CKB)5470000002509434 035 $a(OCoLC)1232234533 035 $a(OCoLC)995470000002509434 035 $a(EXLCZ)995470000002509434 100 $a20210122j200810 ua 0 101 0 $aeng 135 $aur||||||||||| 181 $ctxt$2rdacontent 182 $cc$2rdamedia 183 $acr$2rdacarrier 200 10$aComparison of the isothermal oxidation behavior of as-cast Cu-17%Cr and Cu-17%Cr-5%A1$hpart 1$ioxidation kinetics /$fS.V. Raj 210 1$aCleveland, Ohio :$cNational Aeronautics and Space Administration, Glenn Research Center,$dOctober 2008. 215 $a1 online resource (18 pages, 1 unnumbered page) $cillustrations (mostly color) 225 1 $aNASA/TM ;$v2008-215284/PART1 300 $a"October 2008." 320 $aIncludes bibliographical references (pages 17-18). 606 $aOxidation$2nasat 606 $aAtmospheric pressure$2nasat 615 7$aOxidation. 615 7$aAtmospheric pressure. 700 $aRaj$b Sai V.$01389589 712 02$aNASA Glenn Research Center, 801 0$bGPO 801 1$bGPO 801 2$bOCLCO 801 2$bGPO 906 $aBOOK 912 $a9910715258903321 996 $aComparison of the isothermal oxidation behavior of as-cast Cu-17%Cr and Cu-17%Cr-5%A1$93527558 997 $aUNINA LEADER 01446nam 2200349z- 450 001 9911006854203321 005 20250429105939.0 010 $a1-5231-6095-0 035 $a(CKB)5860000000546242 035 $a(IL-JeEL)995860000000546242 035 $a(EXLCZ)995860000000546242 100 $a20241001c2014uuuu -u- | 101 0 $aeng 135 $aurcn#nnn||||| 181 $ctxt$2rdacontent 182 $cc$2rdamedia 183 $acr$2rdacarrier 200 00$a12th AusIMM Underground Operators' Conference 2014 210 1$aAdelaide, South Australia:$cAustralasian Institute of Mining and Metallurgy (The AusIMM),$d2014. 215 $a1 online resource 311 08$a1-925100-04-9 320 $aIncludes bibliographical references (pages) and index. 330 $aThe Underground Operators' 2014 Conference was held in Adelaide, South Australia and focused on sharing underground operational experiences, good practices and lessons learnt within Australia. Topics covered included planning and scheduling, managing operations, improved productivity, overcoming unusual challenges, and other improvements. 606 $aGroundwater 606 $aMineral industries 615 0$aGroundwater. 615 0$aMineral industries. 712 02$aAustralasian Institute of Mining and Metallurgy. 906 $aBOOK 912 $a9911006854203321 996 $a12th AusIMM Underground Operators' Conference 2014$94387660 997 $aUNINA